|
|
|
|
| LEADER |
01312nam a2200325 a 4500 |
| 001 |
37931 |
| 003 |
BD-DhAAL |
| 005 |
20220306115225.0 |
| 008 |
220306t1985 nyua b 001 0 eng d |
| 999 |
|
|
|c 43659
|d 43659
|
| 010 |
|
|
|a 85008830
|
| 020 |
|
|
|a 0195204751
|
| 020 |
|
|
|a 019520476X (pbk.)
|
| 040 |
|
|
|a DLC
|c DLC
|d DLC
|d BD-DhAAL
|
| 043 |
|
|
|a d------
|
| 050 |
0 |
0 |
|a HG3881.5.W57
|b B38 1985
|
| 082 |
0 |
0 |
|a 332.1532091724
|2 19
|
| 100 |
1 |
|
|a Baum, Warren C.
|9 46401
|
| 245 |
1 |
0 |
|a Investing in development :
|b lessons of World Bank experience /
|c Warren C. Baum and Stokes M. Tolbert.
|
| 260 |
|
|
|a New York :
|b Published for the World Bank [by] Oxford University Press,
|c c1985.
|
| 300 |
|
|
|a xiv, 610 pages :
|b illustrations ;
|c 27 cm.
|
| 504 |
|
|
|a Includes bibliographical references and index.
|
| 541 |
|
|
|a Donated by Akbar Ali Khan
|e 37931
|
| 610 |
2 |
0 |
|a World Bank
|z Developing countries.
|9 46402
|
| 650 |
|
0 |
|a Investments, Foreign
|z Developing countries.
|9 46403
|
| 700 |
1 |
|
|a Tolbert, Stokes M.,
|d 1923-
|9 46404
|
| 710 |
2 |
|
|a World Bank.
|9 46405
|
| 852 |
|
|
|a Ayesha Abed Library
|c Akbar Ali Khan Collection
|
| 942 |
|
|
|2 ddc
|c BK
|
| 952 |
|
|
|0 0
|1 0
|2 ddc
|4 0
|6 332_153209172400000_BAU
|7 1
|9 69989
|a BRACUL
|b BRACUL
|c CS1
|d 2022-03-06
|e Donated by Akbar Ali Khan
|l 0
|o 332.1532091724 BAU
|p 3010037931
|r 2022-03-06
|t 1
|w 2022-03-06
|y BK
|